Health and family welfare status of the population : (Record no. 14739)

MARC details
000 -LEADER
fixed length control field 00565nam a2200181Ia 4500
082 ## - DEWEY DECIMAL CLASSIFICATION NUMBER
Classification number RR.004;
100 ## - MAIN ENTRY--AUTHOR NAME
Personal name Gopal, Y.S.
245 #0 - TITLE STATEMENT
Title Health and family welfare status of the population :
Sub Title Summary of findings from the baseline survey, India Population Project-III (Karnataka)
260 ## - PUBLICATION, DISTRIBUTION, ETC. (IMPRINT)
Year of publication 1985
300 ## - PHYSICAL DESCRIPTION
Number of Pages 65p.
650 ## - SUBJECT ADDED ENTRY--TOPICAL TERM
Topical Term KARNATAKA - POPULATION
650 ## - SUBJECT ADDED ENTRY--TOPICAL TERM
Topical Term FAMILY PLANNING - KARNATAKA
650 ## - SUBJECT ADDED ENTRY--TOPICAL TERM
Topical Term PUBLIC WELFARE - KARNATAKA
700 ## - ADDED ENTRY--PERSONAL NAME
Personal name Bhattacharjee, P.J.
700 ## - ADDED ENTRY--PERSONAL NAME
Personal name Reddy, P.H.
710 ## - ADDED ENTRY--CORPORATE NAME
Corporate name or jurisdiction name as entry element Population Centre, Bangalore
942 ## - ADDED ENTRY ELEMENTS (KOHA)
Koha item type Research Reports
Source of classification or shelving scheme Dewey Decimal Classification
Holdings
Withdrawn status Lost status Damaged status Not for loan Home library Current library Date acquired Bill Date Full call number Accession Number Price effective from Koha item type
        NASSDOC Library NASSDOC Library 08/10/2004 2004-10-22 RR.004; 21169 18/04/2019 Research Reports